=LDR 00000nam 2200000 4500 =001 NUTBA000000000001269 =005 20140419125931.0 =006 =007 =008 =020 ##$$a 978-979-049-011-6 =035 ##$$a 0010-041400000000539 =082 ##$$a550.03 =100 ##$$aTIMAS COMMUNITIY =245 ##$$a BUMI DAN ANTARAIKSA =260 ##$$a BANDUNG $b TINTA EMAS PUB. =440 ##$$aa BUMI DAN ANTARAIKSA =700 ##$$aTIMAS COMMUNITIY =850 ##$$a NBPNMAT =990 ##$$a 94406/BPAP-NTB/2014